[Event "CRO-chT U16 29th"]
[Site "Sesvete"]
[Date "2020.06.27"]
[Round "4.4"]
[White "Petrus, Adrian"]
[Black "Duplancic, Luka"]
[Result "0-1"]
[WhiteElo "1313"]
[BlackElo "1570"]
[PlyCount "54"]
[EventDate "2020.06.20"]
[EventType "team-tourn"]
[EventRounds "9"]
[EventCountry "CRO"]
[SourceTitle "EXT 2021"]
[Source "ChessBase"]
[SourceDate "2020.10.23"]
[SourceVersion "1"]
[SourceVersionDate "2020.10.23"]
[SourceQuality "1"]
[WhiteTeam "Varazdinske Toplice"]
[BlackTeam "Samobor"]
[WhiteTeamCountry "CRO"]
[BlackTeamCountry "CRO"]

1. e4 e5 2. Nf3 Nc6 3. Bc4 Nf6 4. 0-0 Nxe4 5. Re1 d5 6. Bd3 Bf5 7. Bxe4 dxe4 8. Nxe5 Nxe5 9. Nc3 Qh4 10. Qe2 0-0-0 11. h3 Nc6 12. Qc4 Be6 13. Qxe4 Qxe4 14. Nxe4 Bd6 15. b3 Bf5 16. Bb2 f6 17. d3 Rhe8 18. Nxd6+ cxd6 19. Re3 Rxe3 20. fxe3 Re8 21. e4 Bg6 22. a4 Kd7 23. Rf1 Nb4 24. Rf2 Rc8 25. c4 Nxd3 26. Rd2 Nxb2 27. Rxb2 Bxe4 0-1

[Event "CRO-ch U11"]
[Site "Trogir"]
[Date "2019.06.22"]
[Round "9"]
[White "Petrus, Adrian"]
[Black "Gal, Andrej"]
[Result "0-1"]
[WhiteElo "1319"]
[BlackElo "1697"]
[PlyCount "87"]
[EventDate "2019.06.17"]
[EventType "swiss"]
[EventRounds "9"]
[EventCountry "CRO"]
[SourceTitle "EXT 2020"]
[Source "ChessBase"]
[SourceDate "2019.10.17"]
[SourceVersion "1"]
[SourceVersionDate "2019.10.17"]
[SourceQuality "1"]

1. e4 c5 2. Nf3 d6 3. d4 cxd4 4. Nxd4 Nf6 5. Nc3 Nc6 6. Bc4 Qb6 7. Nxc6 bxc6 8. 0-0 e5 9. Bb3 Be7 10. Be3 Qc7 11. f4 Ng4 12. Qe2 Nxe3 13. Qxe3 0-0 14. Kh1 exf4 15. Qxf4 Bf6 16. Rf3 Be5 17. Qh4 Be6 18. Raf1 Bxb3 19. axb3 Rae8 20. Rh3 h6 21. Na4 Qe7 22. Qg4 Qe6 23. Qxe6 Rxe6 24. Nc3 Rfe8 25. g4 Rg6 26. Ra1 Re7 27. Ra6 Rc7 28. Rd3 Rxg4 29. h3 Rf4 30. Kg2 Rf6 31. Rf3 Rg6+ 32. Kf1 f6 33. Ke2 Kf7 34. Kd3 Ke6 35. Kc4 Rg2 36. Kd3 Kf7 37. b4 Kg6 38. Ne2 Kg5 39. Ra5 Kg6 40. b3 Kf7 41. b5 cxb5 42. Rxb5 Ke6 43. Rf4 Rxe2 44. Rxf6+ 0-1